ՀԱՄԱՌՕՏ ԹՈՒԱԲԱՆՈՒԹԻՒՆ ԱՇԽԱՐՀԱԲԱՌ / (Record no. 485853)
[ view plain ]
| 000 -LEADER | |
|---|---|
| fixed length control field | 02291nam a2200229 a 4500 |
| 001 - CONTROL NUMBER | |
| control field | 000608899 |
| 003 - CONTROL NUMBER IDENTIFIER | |
| control field | AM-YeHGA |
| 005 - DATE AND TIME OF LATEST TRANSACTION | |
| control field | 20260108102117.0 |
| 008 - FIXED-LENGTH DATA ELEMENTS--GENERAL INFORMATION | |
| fixed length control field | 081031s1788 it r 000 0 arm d |
| 040 ## - CATALOGING SOURCE | |
| Original cataloging agency | AM-YeHGA |
| 041 0# - LANGUAGE CODE | |
| Language code of text/sound track or separate title | arm |
| 100 0# - MAIN ENTRY--PERSONAL NAME | |
| Personal name | Խաչատուր Սիւրմելեան |
| 245 10 - TITLE STATEMENT | |
| Title | ՀԱՄԱՌՕՏ ԹՈՒԱԲԱՆՈՒԹԻՒՆ ԱՇԽԱՐՀԱԲԱՌ / |
| Statement of responsibility, etc. | Խաչատուր ՍԻւրմելեան. |
| 260 ## - PUBLICATION, DISTRIBUTION, ETC. | |
| Place of publication, distribution, etc. | Վենետիկ : |
| Name of publisher, distributor, etc. | տպ. Ջիովաննի Պիացոյի, |
| Date of publication, distribution, etc. | 1788. |
| 300 ## - PHYSICAL DESCRIPTION | |
| Extent | 160 էջ ; |
| Dimensions | 19 սմ. |
| 500 ## - GENERAL NOTE | |
| General note | Տիտղթ.՝ ՀԱՄԱՌՕՏ/ ԹՈՒԱԲԱՆՈՒԹԻՒՆ/ ԱՇԽԱՐՀԱԲԱՌ/ Յորում ճառին նախ յաղագս չորից գըլ-/խաւոր մասանց թուաբանութեան :/ Ե[ր]կ[րոր]դ յ[ա]ղ[ա]գս կոտորակե[ա]լ թուոց :/ Եւ եր[րո]րդ յ[ա]ղ[ա]գս գլխաւոր կա-/ոնաց թուաբանու[թ]ե[ան] :/ Յաւելեալ լինի և յաւելուաց յաղագս/ խաղուց ի ձեռն թուոց ի զբօսանս/ մտավարժից :/ Աշխատասիրեալ ի հայր Խաչատուր վ[ար]դ[ա]պ[ետ]է / սիւրմէլեան, ի միաբանու[թեն]է գերյարգոյ/ Մխիթարայ մեծի աբբայի :/ Յամի տ[եառ]ն. 1788. ի Փետրվարի. 15 :/ Եւ ի թուականու[թ]ե[ան]ս հայոց ռմլէ :/Ի հայրապետութե[ան] Տ[եառ]ն Ղուկասու/ Հայոց կաթուղիկոսի :/ Ի ՎԵՆԷՏԻԿ/ Ի տպարանի յովհաննու փիացեան :/ Հրամանաւ մեծաւորաց :/ |
| 500 ## - GENERAL NOTE | |
| General note | 160 էջ : Ութածալ, մամուլանիշերը լատինատառ : Շարվ. չափը՝ 14,1 x 8,2 սմ : Տիտղթ. զարդափակ, հրատարակչական տվյալներից առաջ փոքրիկ զարդ, Ո.Կ.Վ.Ա. սկզբնատառերով : Էջախորագրերով : Գլխազարդեր, վերջազարդեր և զարդագրեր : Բնագիրը 12 կետաչափի բոլորագրով, օգտագործված են նաև գլխագրեր և նոտրգիր : |
| 546 ## - LANGUAGE NOTE | |
| Language note | Գրաբար |
| 650 14 - SUBJECT ADDED ENTRY--TOPICAL TERM | |
| Topical term or geographic name entry element | Թվաբանություն |
| 856 41 - ELECTRONIC LOCATION AND ACCESS | |
| Uniform Resource Identifier | <a href="https://arar.sci.am/dlibra/publication/413703/edition/382287/content">https://arar.sci.am/dlibra/publication/413703/edition/382287/content</a> |
| Link text | Կարդալ առցանց |
| 942 ## - ADDED ENTRY ELEMENTS (KOHA) | |
| Source of classification or shelving scheme | Universal Decimal Classification |
| Koha item type | Գրքեր / Books |
| Withdrawn status | Lost status | Source of classification or shelving scheme | Damaged status | Not for loan | Collection | Home library | Current library | Date acquired | Total checkouts | Full call number | Barcode | Date last seen | Price effective from | Koha item type | Public note |
|---|---|---|---|---|---|---|---|---|---|---|---|---|---|---|---|
| Universal Decimal Classification | Alpoiajian Individual Collection | Fundamental Scientific Library | Fundamental Scientific Library | 04/02/2019 | Ալպ/412 | FL0541532 | 04/02/2019 | 04/02/2019 | Գրքեր / Books | ILL Non-Circ |
ՀՀ Գիտությունների ազգային ակադեմիայի հիմնարար գիտական գրադարան = Fundamental Scientific Library of NAS RA
All site content, except where otherwise noted, is licensed under a